|
|
|
|
| LEADER |
00000nam0a2200000 4500 |
| 001 |
45493 |
| 005 |
20231031023922.0 |
| 010 |
|
|
|a 5170002572
|
| 010 |
|
|
|a 5-271-00429-5
|
| 035 |
|
|
|a (RuTPU)RU\TPU\book\47358
|
| 090 |
|
|
|a 45493
|
| 100 |
|
|
|a 20021210d2001 сd y0rusy50020304ca
|
| 101 |
1 |
|
|a rus
|c eng
|
| 102 |
|
|
|a RU
|
| 105 |
|
|
|a a z 000ay
|
| 200 |
1 |
|
|a Маленькая ведьма
|e пер. с англ.
|f М. Стюарт
|
| 210 |
|
|
|a Москва
|c АСТ
|c Астрель
|d 2001
|
| 215 |
|
|
|a 144 с.
|c ил.
|
| 225 |
1 |
|
|a Любимые книги девочек
|
| 610 |
1 |
|
|a детская литература
|
| 610 |
1 |
|
|a сказки
|
| 610 |
1 |
|
|a повести
|
| 675 |
|
|
|a 82
|v 3
|
| 700 |
|
1 |
|a Стюарт
|b М.
|g Мэри
|
| 801 |
|
1 |
|a RU
|b 63413507
|c 20021210
|g PSBO
|
| 801 |
|
2 |
|a RU
|b 63413507
|c 20061021
|g PSBO
|
| 942 |
|
|
|c BK
|